00932nam a2200277Ia 450000500170000000800410001702000180005810000420007624500640011825000180018230000660020050000420026653400150030865000350032365000400035865000340039870000280043294200150046026400300047533600270050533700330053233800280056504000350059308400110062899900150063920220317001317.0161108s9999 ck a g 000 0 spa  a97895842429831 aTolkien, John Ronald Reveld1892-197313aEl hobbitcJ.R.R. Tolkien ; traducción de Manuel Figueroa a1a. edición a285 páginasbilustraciones y mapas en blanco y negroc24 cm aincluye datos biográficos del autor tThe Hobbit142LEMBaNovela InglesaySiglo XX142LEMBaLiteratura inglesa ySiglo XX142LEMBaViajes en la literatura1 aFigueroa, Manuel970502 2loccBKLIT aBogotábMinotauroc2014 atextobtxt2rdacontent asin mediaciónbn2rdamedia avolumenbnc2rdacarrier aCO-BoRNBPbspaerdacCO-BoRNBP aN TOL3 c6579d6579